000 00346 a2200157 4500
001 49912
020 _a8526241745
040 _cAnchieta - Bela Vista
100 _aGrenier, Christian
240 1 0 _aO metrônomo mágico
_lpor
245 1 0 _aO metrônomo mágico
300 _a45
362 0 _a2002
650 4 _aLiteratura juvenil
942 _cBK
999 _c49912
_d49912